00488nam a2200193 a 4500001001300000003000900013005001700022008004100039020002300080082001500103100001600118245002600134260003700160300000900197500003500206505001000241650002700251700001600278nice12345678IN_TiNIC20260116014217.0050524s2003 dela grp 000 0 eng  a817880X c60000a305.4bROY aRoy, Ashine aHuman Rights of Women aDelhibRajat Publications c2003 a302p aincludes index and biblioraphy2 aIndex aWomen and Human Rights1 aRoy, Ashine